| 000 -LEADER |
| fixed length control field |
00390pab a2200145 454500 |
| 008 - FIXED-LENGTH DATA ELEMENTS--GENERAL INFORMATION |
| fixed length control field |
180718b1983 xxu||||| |||| 00| 0 eng d |
| 100 ## - MAIN ENTRY--PERSONAL NAME |
| Personal name |
Itagaki, Takao |
| 245 ## - TITLE STATEMENT |
| Title |
Multinational firms and the theory of effective protection |
| 260 ## - PUBLICATION, DISTRIBUTION, ETC. |
| Date of publication, distribution, etc. |
1983 |
| 300 ## - PHYSICAL DESCRIPTION |
| Extent |
447-62 |
| 362 ## - DATES OF PUBLICATION AND/OR SEQUENTIAL DESIGNATION |
| Dates of publication and/or sequential designation |
Nov. |
| 650 ## - SUBJECT ADDED ENTRY--TOPICAL TERM |
| Topical term or geographic name entry element |
International Business Enterprises |
| 773 ## - HOST ITEM ENTRY |
| Main entry heading |
Oxford Economic Papers |
| 909 ## - |
| -- |
11196 |